000 00346 a2200157 4500
001 71900
020 _a8526244663
040 _cAnchieta - Colégio São Paulo
100 _aPenteado, Maria Heloísa
240 1 0 _aMarcus Robô
_lpor
245 1 0 _aMarcus Robô
300 _a47
362 0 _a2003
650 4 _aLiteratura infantil
942 _cBK
999 _c71900
_d71900